One piece personnage 2 - Statistiques

Statistiques générales
  • Ce quiz a été pris 1 424 fois
  • Le résultat moyen est 11 sur 27
Statistiques - réponses
Indice Reponse % Correct
Le principal protagoniste Luffy
98%
Frère de luffy Ace
96%
Shishibukai vivant sur thriller bark Moria
95%
Scientifique très connu Vegapunk
92%
Seigneur des ténèbres Rayleigh
78%
Epeiste du cp9 Kaku
75%
Samouraï du pays des Wa Kinemon
61%
Amiral de la marine Kizaru
52%
Roi des océans Neptune
51%
Epeiste à l'épée fleurie Vista
40%
Commandant trèfle de la Doflamingo family Trebol
39%
Pirates au pattes de velours Kuro
38%
Shishibukai au 100 pièce d'or Baggy
33%
Membre d'équipage de arlong Octo
33%
Rival de luffy dans la marine Coby
32%
Maire de water seven Iceburg
30%
Chef des la vie en rose riders Duval
27%
Valeureux mentor de usopp Heracles
27%
Sous directeur de la prison d'impel down Hanyabal
23%
Grand prélat des bulles Satori
17%
As de la batte Mr4
15%
Commandant de l'armée révolutionnaire Inazuma
14%
Navigateur de l'équipage de barbe noire Lafite
13%
Membre de l'équipage de big mom Tamago
13%
Ex contre amiral de la marine X drake
8%
Travesti homme requin Dellinger
6%
Vive amiral epeiste Momanga
2%
Aucun quiz correspondant
Distribution des résultats
% des personnes avec chaque résultat
Percentile par nombre de réponses
Votre historique - résultats
Vous n’avez pas pris ce quiz